20th Century Inventions - Sudden Death - Statistics

General Stats
  • This quiz has been taken 54 times
  • The average score is 5 of 14
Answers on the Grid
Answers color-coded by a green-red scale on the quiz's grid according to % correct below.
Television
Smartphone
Laptop
Internet
Bluetooth
Google
DVD
Rubik's Cube
Laser
Computer
Atomic bomb
Nylon
Military tank
Cellophane
Car
X-ray
Zipper
Ballpoint pen
Wind turbine
Telephone
Light bulb
Dynamite
Morse code
Lawn mower
Stethoscope
Airplane
Sewing machine
YouTube
 
Answer Stats
Answer % Correct
DVD
61%
Television
52%
Internet
48%
Computer
42%
Laptop
39%
Atomic bomb
33%
Google
33%
Rubik's Cube
33%
Airplane
30%
Nylon
24%
Laser
21%
Military tank
21%
Bluetooth
15%
Cellophane
12%
No matching quizzes found
Score Distribution
Percent of People with Each Score
Percentile by Number Answered
Your Score History
You have not taken this quiz